<?xml version="1.0" encoding="UTF-8"?>
<record
    xmlns:xsi="http://www.w3.org/2001/XMLSchema-instance"
    xsi:schemaLocation="http://www.loc.gov/MARC21/slim http://www.loc.gov/standards/marcxml/schema/MARC21slim.xsd"
    xmlns="http://www.loc.gov/MARC21/slim">

  <leader>02936nac a22002891u 4500</leader>
  <datafield tag="010" ind1=" " ind2=" ">
    <subfield code="a">  2001135896</subfield>
  </datafield>
  <datafield tag="020" ind1=" " ind2=" ">
    <subfield code="a">0761963049</subfield>
  </datafield>
  <datafield tag="035" ind1=" " ind2=" ">
    <subfield code="a">(OCoLC)ocm48361783</subfield>
  </datafield>
  <datafield tag="082" ind1="0" ind2="0">
    <subfield code="a">327</subfield>
    <subfield code="b">CAR</subfield>
  </datafield>
  <datafield tag="090" ind1=" " ind2=" ">
    <subfield code="c">8539</subfield>
    <subfield code="d">8539</subfield>
  </datafield>
  <datafield tag="100" ind1=" " ind2=" ">
    <subfield code="a">20080729                     </subfield>
  </datafield>
  <datafield tag="245" ind1="0" ind2="0">
    <subfield code="a">Handbook of international relations /</subfield>
    <subfield code="c">edited by Walter Carlsnaes, Thomas Risse and Beth A. Simmons.</subfield>
  </datafield>
  <datafield tag="246" ind1="3" ind2="0">
    <subfield code="a">International relations</subfield>
  </datafield>
  <datafield tag="260" ind1=" " ind2=" ">
    <subfield code="a">London ;</subfield>
    <subfield code="a">Thousand Oaks, Calif. :</subfield>
    <subfield code="b">SAGE Publications,C.2002.</subfield>
    <subfield code="c">C.2002.</subfield>
  </datafield>
  <datafield tag="300" ind1=" " ind2=" ">
    <subfield code="a">xx, 571 p. ;</subfield>
    <subfield code="c">26 cm.</subfield>
  </datafield>
  <datafield tag="500" ind1=" " ind2=" ">
    <subfield code="a">Distributer: Baccah.</subfield>
  </datafield>
  <datafield tag="504" ind1=" " ind2=" ">
    <subfield code="a">Includes bibliographical references and index.</subfield>
  </datafield>
  <datafield tag="505" ind1="0" ind2=" ">
    <subfield code="a">On the history and historiography of international relations / Brian C. Schmidt -- Philosophy of social science and international relations / Colin Wight -- Rationalism v. constructivism : a skeptical view / James Fearon and Alexander Wendt -- Rational choice and international relations / Duncan Snidal-- Constructivism and international relations / Emanuel Adler -- Linking theory to evidence in international relations / Richard K. Herrmann -- Norms and ethics in international relations / Andrew Hurrell -- State sovereignty and territory / Thomas J. Biersteker --  Power and international relations / David A. Baldwin -- International organizations and institutions / Beth A. Simmons and Lisa L. Martin -- Diplomacy, bargaining and negotiation / Christer Jo&#xCC;(nsson -- From interdependence to globalization / Michael Zu&#xCC;(rn -- Transnational actors and world politics / Thomas Risse -- Feminist perspectives on international relations / J. Ann Tickner -- Psychological explanations of international conflict / Janice Gross Stein -- Domestic politics and international relations / Peter Gourevitch -- Foreign policy / Walter Carlsnaes -- War and peace / Jack S. Levy -- Security cooperation / Harald Mu&#xCC;(ller -- Peace-making and conflict resolution / Lilach Gilady and Bruce Russett -- Nationalism and ethnicity / Lars-Erik Cederman -- International finance / Benjamin J. Cohen -- International trade / Helen V. Milner -- International development / Sylvia Maxfield -- Comparative regional integration / Young Jong Choi and James A. Caporaso -- International environment / Ronald B. Mitchell -- International human rights / Hans Peter Schmitz and Kathryn Sikkink -- International law, international relations and compliance / Kal Raustiala and Anne-Marie Slaughter.</subfield>
  </datafield>
  <datafield tag="650" ind1=" " ind2="0">
    <subfield code="a">International relations.</subfield>
  </datafield>
  <datafield tag="700" ind1="1" ind2=" ">
    <subfield code="a">Carlsnaes, Walter.</subfield>
  </datafield>
  <datafield tag="700" ind1="1" ind2=" ">
    <subfield code="a">Risse-Kappen, Thomas.</subfield>
  </datafield>
  <datafield tag="700" ind1="1" ind2=" ">
    <subfield code="a">Simmons, Beth A.,</subfield>
    <subfield code="d">1958-</subfield>
  </datafield>
  <datafield tag="856" ind1="4" ind2="2">
    <subfield code="3">Publisher description</subfield>
    <subfield code="u">http://www.loc.gov/catdir/enhancements/fy0658/2001135896-d.html</subfield>
  </datafield>
  <datafield tag="856" ind1="4" ind2="2">
    <subfield code="3">Table of contents only</subfield>
    <subfield code="u">http://www.loc.gov/catdir/enhancements/fy0658/2001135896-t.html</subfield>
  </datafield>
  <datafield tag="942" ind1=" " ind2=" ">
    <subfield code="c">BB</subfield>
    <subfield code="k">327CAR</subfield>
  </datafield>
  <datafield tag="999" ind1=" " ind2=" ">
    <subfield code="c">8539</subfield>
    <subfield code="d">8539</subfield>
  </datafield>
  <datafield tag="952" ind1=" " ind2=" ">
    <subfield code="0">0</subfield>
    <subfield code="1">0</subfield>
    <subfield code="4">0</subfield>
    <subfield code="7">0</subfield>
    <subfield code="a">MAIN</subfield>
    <subfield code="b">MAIN</subfield>
    <subfield code="c">1ST</subfield>
    <subfield code="d">2012-03-08</subfield>
    <subfield code="e">Purchase</subfield>
    <subfield code="l">12</subfield>
    <subfield code="m">115</subfield>
    <subfield code="o">327CAR</subfield>
    <subfield code="p">000010366</subfield>
    <subfield code="r">2025-07-15 00:00:00</subfield>
    <subfield code="s">2022-09-18</subfield>
    <subfield code="y">BB</subfield>
  </datafield>
</record>
